Children's foursomes Quiz Stats

 Plays Quiz not verified by Sporcle

Score 0/60 Timer 08:00
0 Plays Today
% Correct
Dorothy
92.4%
Tin Man
90.1%
Scarecrow
89.5%
Cowardly Lion
82.4%
Shaggy Rogers
82.2%
Jo
78.9%
Velma Dinkley
77.9%
Alex the Lion
77.5%
Hufflepuff
74%
Fred Jones
73%
Leonardo
72.7%
Slytherin
72.6%
Ravenclaw
72.4%
Michelangelo
71.7%
Daphne Blake
71.6%
Gryffindor
70.9%
Donatello
70.8%
Laa Laa
70.1%
Beth
64.3%
Raphael
62.4%
Tinky Winky
61.7%
Po
60.8%
Laura
58.9%
Dipsy
58%
Meg March
56.6%
Mary
56.6%
Gloria the Hippo
56.5%
Peter
54.6%
Amy
54.5%
Edmund
54.2%
% Correct
Lucy
53.2%
Susan
50.6%
Melman the Giraffe
47.1%
Marty the Zebra
46.7%
Shadow ('Blinky')
36.9%
Speedy ('Pinky')
35.5%
Bridget Vreeland
34%
Bashful ('Inky')
33.4%
Carrie
29.3%
Grace
25.9%
Violet
25.7%
Carmen Lowell
25%
Tibby Rollins
23.6%
Lena Kaligaris
23.5%
Pokey ('Clyde')
20.4%
Bandit
19.9%
Benny
18.9%
Nan
17.7%
Jessie
17.5%
Freddie
17.3%
Henry Alden
17.2%
donkey
16.1%
dog
15.1%
cat
13.5%
Bert
10.6%
rooster
9.6%
Flossie
9.6%
Hadj
7.4%
Dr. Benton Quest
7.2%
Race Bannon
6.4%

You're not logged in!

Compare scores with friends on all Sporcle quizzes.
OR
Log In

Show Comments

Extras

Created Nov 4, 2009ReportNominate
Tags:Book Quiz, children, foursome

Top Quizzes Today


Score Distribution

Your Account Isn't Verified!

In order to create a playlist on Sporcle, you need to verify the email address you used during registration. Go to your Sporcle Settings to finish the process.

Report this User

Report this user for behavior that violates our Community Guidelines.

Details: